000 00647nam a2200229Ia 4500
003 OSt
005 20220923211901.0
006 a|||||r|||| 00| 0
007 ta
008 Pun
024 _a65,204
037 _cTextual
040 _aARTS
_cARTS
_bPun
041 _2Pun
_aPun
082 _aQ8441:2J63,A:g, 153J8
100 _aਗੋਪਾਲ ਸਿੰਘ
245 0 _aਸ੍ਰੀ ਗੁਰੂ ਗ੍ਰੰਥ ਸਾਹਿਬ ਦੀ ਸਾਹਿਤਕ ਵਿFੇFਤਾ
260 _c1958
650 _aਧਰਮ
942 _hQ8441:2J63,A:g, 153J8
_cTEXL
_2CC
999 _c304370
_d304370